Restoration ecology : a synthetic approach to ecological research
Saved in:
| Other Authors: | , , |
|---|---|
| Format: | Book |
| Language: | English |
| Published: |
Cambridge :
Cambridge University Press,
1996
|
| Subjects: | |
| Tags: |
Add Tag
No Tags, Be the first to tag this record!
|
MARC
| LEADER | 00000nam a2200000 i 4500 | ||
|---|---|---|---|
| 001 | 1/4773 | ||
| 008 | 960507s1996 eng d | ||
| 020 | |a 0-521-33728-3 | ||
| 035 | |l 10015761 | ||
| 040 | |a GR-MY-UA |b gre |e aacr | ||
| 041 | 0 | |a eng | |
| 082 | 0 | |a 574.5 | |
| 245 | 1 | 0 | |a Restoration ecology : |b a synthetic approach to ecological research / |c edited by William R. Jordan III, Michael E. Gilpin, John D. Aber |
| 260 | |a Cambridge : |b Cambridge University Press, |c 1996 | ||
| 300 | |a 342 p. |b fig.; ill. | ||
| 504 | |a Includes index | ||
| 650 | 0 | 0 | |a Ecology. |
| 650 | 0 | 0 | |a Reclamation of land. |
| 650 | 0 | 0 | |a Nature conservation. |
| 700 | 1 | |a Jordan, William R. |c III. |4 edt | |
| 700 | 1 | |a Gilpin, Michael E. |d 1943- |4 edt | |
| 700 | 1 | |a Aber, John D. |4 edt | |
| 852 | |a INST |b LESVOS |e 19960507 |h 574.5 RES |p 005100009608 |q 005100009608 |t BK |y 0 | ||
| 909 | |a Λ |b 044795 | ||
| 950 | |a 018/1995-10-24 | ||